[Event "DVM U14 2022"]
[Site "Kelheim GER"]
[Date "2022.12.28"]
[Round "4"]
[White "Huber, Benedikt"]
[Black "Dubinker, Philipp"]
[Result "1/2-1/2"]
[Termination "normal"]
[Board "9.1"]
[WhiteElo "1898"]
[BlackElo "1639"]
[WhiteClock "00:04:03"]
[BlackClock "00:05:52"]
[WhiteTeam "SK Kelheim 1920"]
[BlackTeam "SK Marburg 1931/72"]
[PlyCount "69"]
[WhiteFideId "16281225"]
[BlackFideId "34608320"]
[EventCountry "GER"]
[EventRounds "7"]
[EventType "team-swiss"]
[EventDate "2022.12.26"]

1. e4 {[%clk 01:30:56]} {[%emt 00:00:04]} e5 {[%clk 01:30:56]} {[%emt
00:00:05]} 2. Bc4 {[%clk 01:31:13]} {[%emt 00:00:12]} Nf6 {[%clk 01:30:34]}
{[%emt 00:00:52]} 3. d3 {[%clk 01:31:19]} {[%emt 00:00:25]} Bc5 {[%clk
01:30:53]} {[%emt 00:00:10]} 4. Nc3 {[%clk 01:31:40]} {[%emt 00:00:09]} Nc6
{[%clk 01:31:01]} {[%emt 00:00:22]} 5. f4 {[%clk 01:31:54]} {[%emt 00:00:17]}
d6 {[%clk 01:30:25]} {[%emt 00:01:05]} 6. Nf3 {[%clk 01:31:22]} {[%emt
00:01:03]} Na5 {[%clk 01:29:03]} {[%emt 00:01:51]} 7. Bb3 {[%clk 01:26:16]}
{[%emt 00:05:36]} Nxb3 {[%clk 01:25:35]} {[%emt 00:03:58]} 8. axb3 {[%clk
01:26:39]} {[%emt 00:00:06]} Ng4 {[%clk 01:25:24]} {[%emt 00:00:42]} 9. Qe2
{[%clk 01:21:38]} {[%emt 00:05:31]} Bf2 {[%clk 01:14:55]} {[%emt 00:11:00]} 10.
Kf1 {[%clk 01:21:59]} {[%emt 00:00:08]} Bb6 {[%clk 01:13:25]} {[%emt 00:01:59]}
11. Nd5 {[%clk 01:14:10]} {[%emt 00:08:21]} f6 {[%clk 01:05:07]} {[%emt
00:08:47]} 12. Nxb6 {[%clk 01:12:14]} {[%emt 00:02:25]} cxb6 {[%clk 01:05:24]}
{[%emt 00:00:13]} 13. h3 {[%clk 01:12:34]} {[%emt 00:00:11]} Nh6 {[%clk
01:05:34]} {[%emt 00:00:20]} 14. fxe5 {[%clk 01:12:27]} {[%emt 00:00:37]} dxe5
{[%clk 01:04:54]} {[%emt 00:01:10]} 15. Bxh6 {[%clk 01:12:23]} {[%emt
00:00:34]} gxh6 {[%clk 01:05:14]} {[%emt 00:00:10]} 16. Qd2 {[%clk 01:12:11]}
{[%emt 00:00:41]} Qc7 {[%clk 01:02:45]} {[%emt 00:02:59]} 17. Kg1 {[%clk
01:04:02]} {[%emt 00:08:38]} Qg7 {[%clk 01:01:58]} {[%emt 00:01:17]} 18. Kh2
{[%clk 01:02:46]} {[%emt 00:01:48]} Bd7 {[%clk 00:59:11]} {[%emt 00:03:16]} 19.
Rhe1 {[%clk 00:59:47]} {[%emt 00:03:31]} O-O {[%clk 00:56:25]} {[%emt
00:03:15]} 20. Re3 {[%clk 00:52:34]} {[%emt 00:07:42]} Kh8 {[%clk 00:54:29]}
{[%emt 00:02:27]} 21. Rf1 {[%clk 00:51:18]} {[%emt 00:01:45]} Rac8 {[%clk
00:50:53]} {[%emt 00:04:04]} 22. d4 {[%clk 00:44:24]} {[%emt 00:07:27]} Rg8
{[%clk 00:41:55]} {[%emt 00:09:27]} 23. Ne1 {[%clk 00:43:04]} {[%emt 00:01:51]}
exd4 {[%clk 00:39:40]} {[%emt 00:02:45]} 24. Ref3 {[%clk 00:35:06]} {[%emt
00:08:28]} Qg5 {[%clk 00:34:12]} {[%emt 00:05:58]} 25. Qe2 {[%clk 00:26:43]}
{[%emt 00:08:52]} Bb5 {[%clk 00:30:49]} {[%emt 00:03:53]} 26. Nd3 {[%clk
00:24:35]} {[%emt 00:02:39]} Bxd3 {[%clk 00:30:50]} {[%emt 00:00:29]} 27. cxd3
{[%emt 00:00:09]} Rc6 {[%clk 00:26:41]} {[%emt 00:04:37]} 28. Qf2 {[%clk
00:20:44]} {[%emt 00:04:44]} Qe5 {[%clk 00:18:54]} {[%emt 00:08:17]} 29. Kh1
{[%clk 00:21:05]} {[%emt 00:00:10]} Rg6 {[%clk 00:18:28]} {[%emt 00:00:55]} 30.
g3 {[%clk 00:15:00]} {[%emt 00:06:35]} Kg7 {[%emt 00:02:28]} 31. Kh2 {[%clk
00:13:33]} {[%emt 00:01:57]} Qd6 {[%clk 00:12:30]} {[%emt 00:04:30]} 32. h4
{[%clk 00:10:35]} {[%emt 00:03:28]} Rc5 {[%clk 00:08:56]} {[%emt 00:04:04]} 33.
Rf4 {[%clk 00:09:19]} {[%emt 00:01:46]} h5 {[%clk 00:06:47]} {[%emt 00:02:39]}
34. Qf3 {[%clk 00:04:03]} {[%emt 00:05:47]} Re5 {[%clk 00:05:52]} {[%emt
00:01:24]} 35. Rf5 {[%emt 00:02:14]} 1/2-1/2

[Event "DVM U14 2022"]
[Site "Kelheim GER"]
[Date "2022.12.28"]
[Round "4"]
[White "Sreeramulu, Aarush"]
[Black "Reimann, Marcus"]
[Result "1/2-1/2"]
[Termination "normal"]
[Board "9.2"]
[WhiteElo "1526"]
[BlackElo "1326"]
[WhiteClock "00:24:19"]
[BlackClock "00:53:44"]
[WhiteTeam "SK Marburg 1931/72"]
[BlackTeam "SK Kelheim 1920"]
[PlyCount "50"]
[WhiteFideId "34610685"]
[BlackFideId "34640312"]
[EventCountry "GER"]
[EventRounds "7"]
[EventType "team-swiss"]
[EventDate "2022.12.26"]

1. d4 {[%clk 01:30:58]} {[%emt 00:00:02]} d5 {[%clk 01:30:55]} {[%emt
00:00:06]} 2. c4 {[%clk 01:31:22]} {[%emt 00:00:06]} e6 {[%clk 01:31:20]}
{[%emt 00:00:04]} 3. Nc3 {[%clk 01:31:46]} {[%emt 00:00:06]} Nf6 {[%clk
01:31:38]} {[%emt 00:00:11]} 4. Bg5 {[%clk 01:32:10]} {[%emt 00:00:06]} Nbd7
{[%clk 01:31:18]} {[%emt 00:00:51]} 5. e3 {[%clk 01:32:18]} {[%emt 00:00:22]}
Be7 {[%clk 01:31:16]} {[%emt 00:00:31]} 6. Nf3 {[%clk 01:32:10]} {[%emt
00:00:38]} c6 {[%clk 01:29:57]} {[%emt 00:01:50]} 7. Bd3 {[%clk 01:31:40]}
{[%emt 00:01:00]} Qc7 {[%clk 01:29:02]} {[%emt 00:01:22]} 8. cxd5 {[%clk
01:27:28]} {[%emt 00:04:44]} exd5 {[%clk 01:27:58]} {[%emt 00:01:34]} 9. O-O
{[%clk 01:26:38]} {[%emt 00:01:20]} O-O {[%clk 01:27:59]} {[%emt 00:00:29]} 10.
Qc2 {[%clk 01:21:06]} {[%emt 00:06:03]} Re8 {[%clk 01:26:23]} {[%emt 00:02:06]}
11. Rac1 {[%clk 01:11:47]} {[%emt 00:09:48]} Qb8 {[%clk 01:25:38]} {[%emt
00:01:15]} 12. Rfe1 {[%clk 01:02:27]} {[%emt 00:09:51]} Nf8 {[%clk 01:22:13]}
{[%emt 00:03:55]} 13. h3 {[%clk 00:57:21]} {[%emt 00:05:36]} Be6 {[%clk
01:12:38]} {[%emt 00:10:04]} 14. a3 {[%clk 00:54:47]} {[%emt 00:03:04]} Qd8
{[%clk 01:11:18]} {[%emt 00:01:49]} 15. Na4 {[%clk 00:49:12]} {[%emt 00:06:06]}
h6 {[%clk 01:10:16]} {[%emt 00:01:32]} 16. Bxf6 {[%clk 00:49:21]} {[%emt
00:00:22]} Bxf6 {[%clk 01:09:58]} {[%emt 00:00:47]} 17. Nc5 {[%clk 00:46:18]}
{[%emt 00:03:33]} Rb8 {[%clk 01:08:37]} {[%emt 00:01:51]} 18. Qa4 {[%clk
00:42:41]} {[%emt 00:04:08]} a6 {[%clk 01:07:42]} {[%emt 00:01:25]} 19. Qb3
{[%clk 00:38:52]} {[%emt 00:04:19]} Qc8 {[%clk 01:01:50]} {[%emt 00:06:22]} 20.
Rc2 {[%clk 00:29:14]} {[%emt 00:10:08]} Be7 {[%clk 00:58:56]} {[%emt 00:03:24]}
21. Rec1 {[%clk 00:25:00]} {[%emt 00:04:43]} Bxc5 {[%clk 00:55:39]} {[%emt
00:03:47]} 22. Rxc5 {[%clk 00:24:28]} {[%emt 00:01:02]} Bf5 {[%clk 00:54:05]}
{[%emt 00:02:05]} 23. Bxf5 {[%clk 00:24:07]} {[%emt 00:00:50]} Qxf5 {[%clk
00:54:26]} {[%emt 00:00:09]} 24. Ne5 {[%clk 00:23:50]} {[%emt 00:00:48]} Nd7
{[%clk 00:53:16]} {[%emt 00:01:40]} 25. Nxd7 {[%clk 00:24:19]} {[%emt
00:00:01]} Qxd7 {[%clk 00:53:44]} {[%emt 00:00:02]} 1/2-1/2

[Event "DVM U14 2022"]
[Site "Kelheim GER"]
[Date "2022.12.28"]
[Round "4"]
[White "Weinberger, Maxim"]
[Black "Dietrich, Fabian"]
[Result "0-1"]
[Termination "normal"]
[Board "9.3"]
[WhiteElo "1148"]
[BlackElo "1525"]
[WhiteClock "01:29:34"]
[BlackClock "00:11:08"]
[WhiteTeam "SK Kelheim 1920"]
[BlackTeam "SK Marburg 1931/72"]
[PlyCount "102"]
[WhiteFideId "16290330"]
[BlackFideId "34640240"]
[EventCountry "GER"]
[EventRounds "7"]
[EventType "team-swiss"]
[EventDate "2022.12.26"]

1. e4 {[%clk 01:30:59]} {[%emt 00:00:01]} e5 {[%clk 01:30:56]} {[%emt
00:00:04]} 2. Bc4 {[%clk 01:31:22]} {[%emt 00:00:07]} Nf6 {[%emt 00:00:09]} 3.
d3 {[%clk 01:31:30]} {[%emt 00:00:21]} Bc5 {[%clk 01:31:26]} {[%emt 00:00:22]}
4. Nc3 {[%clk 01:31:13]} {[%emt 00:00:47]} d6 {[%clk 01:31:40]} {[%emt
00:00:16]} 5. f4 {[%clk 01:31:00]} {[%emt 00:00:43]} Ng4 {[%clk 01:30:21]}
{[%emt 00:01:49]} 6. f5 {[%clk 01:31:10]} {[%emt 00:00:20]} Nf2 {[%emt
00:00:23]} 7. Qh5 {[%clk 01:31:07]} {[%emt 00:00:31]} Qd7 {[%clk 01:24:05]}
{[%emt 00:06:54]} 8. Nf3 {[%clk 01:30:46]} {[%emt 00:00:52]} Nxh1 {[%clk
01:18:45]} {[%emt 00:05:50]} 9. Ng5 {[%clk 01:30:30]} {[%emt 00:00:46]} Rf8
{[%clk 01:16:37]} {[%emt 00:02:37]} 10. Nxh7 {[%clk 01:29:24]} {[%emt
00:01:36]} c6 {[%clk 00:46:48]} {[%emt 00:30:20]} 11. Nxf8 {[%clk 01:28:49]}
{[%emt 00:01:05]} Kxf8 {[%clk 00:43:45]} {[%emt 00:03:32]} 12. Qh8 {[%clk
01:29:13]} {[%emt 00:00:06]} Ke7 {[%clk 00:42:58]} {[%emt 00:01:16]} 13. Bg5
{[%clk 01:29:38]} {[%emt 00:00:07]} f6 {[%clk 00:40:23]} {[%emt 00:03:04]} 14.
Qxg7 {[%clk 01:30:03]} {[%emt 00:00:06]} Kd8 {[%clk 00:34:29]} {[%emt
00:06:23]} 15. Bxf6 {[%clk 01:30:16]} {[%emt 00:00:18]} Kc7 {[%clk 00:34:40]}
{[%emt 00:00:18]} 16. Be6 {[%clk 01:30:39]} {[%emt 00:00:08]} Qxg7 {[%clk
00:33:33]} {[%emt 00:01:37]} 17. Bxg7 {[%clk 01:30:59]} {[%emt 00:00:11]} Bxe6
{[%clk 00:33:10]} {[%emt 00:00:51]} 18. fxe6 {[%clk 01:31:18]} {[%emt
00:00:11]} Na6 {[%clk 00:33:02]} {[%emt 00:00:37]} 19. e7 {[%clk 01:29:57]}
{[%emt 00:01:52]} Nb4 {[%clk 00:31:58]} {[%emt 00:01:34]} 20. O-O-O {[%clk
01:30:04]} {[%emt 00:00:23]} Nf2 {[%clk 00:30:56]} {[%emt 00:01:32]} 21. Rf1
{[%clk 01:30:16]} {[%emt 00:00:18]} Be3 {[%clk 00:29:45]} {[%emt 00:01:41]} 22.
Kb1 {[%clk 01:30:18]} {[%emt 00:00:29]} Re8 {[%clk 00:29:29]} {[%emt 00:00:45]}
23. Bf8 {[%clk 01:29:34]} {[%emt 00:01:14]} Bd4 {[%clk 00:23:55]} {[%emt
00:06:04]} 24. a3 {[%clk 01:29:08]} {[%emt 00:00:57]} Na6 {[%clk 00:19:47]}
{[%emt 00:04:38]} 25. h4 {[%clk 01:28:47]} {[%emt 00:00:51]} Nc5 {[%clk
00:17:55]} {[%emt 00:02:22]} 26. h5 {[%clk 01:28:25]} {[%emt 00:00:52]} Ne6
{[%clk 00:18:04]} {[%emt 00:00:20]} 27. Nd1 {[%clk 01:26:14]} {[%emt 00:02:41]}
Nxd1 {[%clk 00:17:52]} {[%emt 00:00:42]} 28. Rf7 {[%clk 01:26:13]} {[%emt
00:00:32]} Be3 {[%clk 00:12:53]} {[%emt 00:05:29]} 29. h6 {[%clk 01:26:29]}
{[%emt 00:00:14]} Ng5 {[%clk 00:10:53]} {[%emt 00:02:30]} 30. Rg7 {[%clk
01:26:37]} {[%emt 00:00:22]} Kd7 {[%clk 00:09:27]} {[%emt 00:01:55]} 31. h7
{[%clk 01:25:59]} {[%emt 00:01:09]} Nxh7 {[%clk 00:09:40]} {[%emt 00:00:17]}
32. Rxh7 {[%clk 01:26:22]} {[%emt 00:00:08]} Bg5 {[%clk 00:09:47]} {[%emt
00:00:22]} 33. Bh6 {[%clk 01:25:27]} {[%emt 00:01:24]} Rxe7 {[%clk 00:09:38]}
{[%emt 00:00:40]} 34. Rxe7 {[%clk 01:25:43]} {[%emt 00:00:14]} Bxe7 {[%clk
00:09:59]} {[%emt 00:00:08]} 35. g4 {[%clk 01:26:07]} {[%emt 00:00:06]} Nf2
{[%clk 00:10:08]} {[%emt 00:00:21]} 36. g5 {[%clk 01:26:31]} {[%emt 00:00:07]}
Ng4 {[%clk 00:10:27]} {[%emt 00:00:10]} 37. c4 {[%clk 01:25:58]} {[%emt
00:01:03]} a5 {[%clk 00:09:55]} {[%emt 00:01:01]} 38. b4 {[%clk 01:26:21]}
{[%emt 00:00:09]} b6 {[%clk 00:08:55]} {[%emt 00:01:29]} 39. Kb2 {[%clk
01:26:38]} {[%emt 00:00:14]} a4 {[%clk 00:08:36]} {[%emt 00:00:48]} 40. Kc3
{[%clk 01:27:00]} {[%emt 00:00:09]} c5 {[%clk 00:08:37]} {[%emt 00:00:29]} 41.
b5 {[%clk 01:27:05]} {[%emt 00:00:24]} Nxh6 {[%clk 00:08:45]} {[%emt 00:00:22]}
42. gxh6 {[%clk 01:27:29]} {[%emt 00:00:06]} Ke6 {[%clk 00:08:47]} {[%emt
00:00:27]} 43. Kd2 {[%clk 01:27:51]} {[%emt 00:00:10]} Bg5 {[%clk 00:09:10]}
{[%emt 00:00:07]} 44. Kc2 {[%clk 01:28:03]} {[%emt 00:00:18]} Bxh6 {[%clk
00:09:36]} {[%emt 00:00:04]} 45. Kd1 {[%clk 01:28:16]} {[%emt 00:00:17]} Kf6
{[%clk 00:09:46]} {[%emt 00:00:19]} 46. Kc2 {[%clk 01:28:26]} {[%emt 00:00:20]}
Be3 {[%clk 00:09:38]} {[%emt 00:00:38]} 47. Kd1 {[%clk 01:28:46]} {[%emt
00:00:11]} Bd4 {[%clk 00:10:03]} {[%emt 00:00:05]} 48. Kc2 {[%clk 01:28:55]}
{[%emt 00:00:21]} Kg5 {[%clk 00:10:21]} {[%emt 00:00:12]} 49. Kc1 {[%clk
01:29:11]} {[%emt 00:00:14]} Kf4 {[%clk 00:10:44]} {[%emt 00:00:05]} 50. Kc2
{[%clk 01:29:26]} {[%emt 00:00:16]} Ke3 {[%clk 00:10:59]} {[%emt 00:00:14]} 51.
Kd1 {[%clk 01:29:34]} {[%emt 00:00:23]} Kxd3 {[%clk 00:11:08]} {[%emt
00:00:21]} 0-1

[Event "DVM U14 2022"]
[Site "Kelheim GER"]
[Date "2022.12.28"]
[Round "4"]
[White "Alkayas, Mohammad"]
[Black "Dauerer, Leonhard"]
[Result "1-0"]
[Termination "normal"]
[Board "9.4"]
[WhiteElo "1174"]
[BlackElo "1069"]
[WhiteClock "01:26:16"]
[BlackClock "01:10:36"]
[WhiteTeam "SK Marburg 1931/72"]
[BlackTeam "SK Kelheim 1920"]
[PlyCount "87"]
[WhiteFideId "34608400"]
[BlackFideId "34640223"]
[EventCountry "GER"]
[EventRounds "7"]
[EventType "team-swiss"]
[EventDate "2022.12.26"]

1. e4 {[%clk 01:30:55]} {[%emt 00:00:04]} e5 {[%clk 01:30:53]} {[%emt
00:00:08]} 2. Nf3 {[%clk 01:29:59]} {[%emt 00:01:26]} Nc6 {[%clk 01:31:15]}
{[%emt 00:00:07]} 3. Bb5 {[%clk 01:30:25]} {[%emt 00:00:05]} Nf6 {[%clk
01:31:31]} {[%emt 00:00:14]} 4. Nc3 {[%clk 01:30:35]} {[%emt 00:00:20]} Bc5
{[%clk 01:31:27]} {[%emt 00:00:33]} 5. O-O {[%clk 01:30:39]} {[%emt 00:00:26]}
d6 {[%clk 01:31:41]} {[%emt 00:00:16]} 6. d4 {[%clk 01:30:04]} {[%emt
00:01:06]} exd4 {[%clk 01:31:09]} {[%emt 00:01:01]} 7. Nxd4 {[%clk 01:30:25]}
{[%emt 00:00:09]} Bxd4 {[%clk 01:30:49]} {[%emt 00:00:51]} 8. Qxd4 {[%clk
01:30:46]} {[%emt 00:00:09]} Bd7 {[%clk 01:31:03]} {[%emt 00:00:16]} 9. Bxc6
{[%clk 01:31:08]} {[%emt 00:00:08]} Bxc6 {[%clk 01:31:18]} {[%emt 00:00:14]}
10. e5 {[%clk 01:30:42]} {[%emt 00:00:57]} dxe5 {[%clk 01:28:08]} {[%emt
00:03:39]} 11. Qxe5 {[%clk 01:30:54]} {[%emt 00:00:19]} Qe7 {[%clk 01:27:57]}
{[%emt 00:00:40]} 12. Qxe7 {[%clk 01:31:13]} {[%emt 00:00:11]} Kxe7 {[%clk
01:28:09]} {[%emt 00:00:19]} 13. Bf4 {[%clk 01:31:23]} {[%emt 00:00:21]} Rac8
{[%clk 01:27:22]} {[%emt 00:01:16]} 14. Rfe1 {[%clk 01:31:21]} {[%emt
00:00:32]} Kf8 {[%clk 01:27:00]} {[%emt 00:00:52]} 15. Bg3 {[%clk 01:31:06]}
{[%emt 00:00:45]} Kg8 {[%clk 01:24:34]} {[%emt 00:02:55]} 16. Rad1 {[%clk
01:31:10]} {[%emt 00:00:26]} h6 {[%clk 01:24:09]} {[%emt 00:00:55]} 17. Bh4
{[%clk 01:30:59]} {[%emt 00:00:42]} g5 {[%clk 01:23:46]} {[%emt 00:00:53]} 18.
Bg3 {[%clk 01:31:24]} {[%emt 00:00:05]} Kg7 {[%clk 01:23:41]} {[%emt 00:00:35]}
19. h3 {[%clk 01:31:44]} {[%emt 00:00:10]} b6 {[%clk 01:23:17]} {[%emt
00:00:53]} 20. Re7 {[%clk 01:31:26]} {[%emt 00:00:48]} Rhe8 {[%clk 01:20:00]}
{[%emt 00:03:47]} 21. Rxc7 {[%clk 01:31:14]} {[%emt 00:00:43]} Rxc7 {[%clk
01:20:04]} {[%emt 00:00:25]} 22. Bxc7 {[%clk 01:31:38]} {[%emt 00:00:06]} Re7
{[%clk 01:20:17]} {[%emt 00:00:18]} 23. Bg3 {[%clk 01:30:52]} {[%emt 00:01:16]}
Rd7 {[%clk 01:19:50]} {[%emt 00:00:56]} 24. Rxd7 {[%clk 01:30:39]} {[%emt
00:00:43]} Bxd7 {[%clk 01:19:50]} {[%emt 00:00:30]} 25. Be5 {[%clk 01:31:02]}
{[%emt 00:00:08]} Bf5 {[%clk 01:19:16]} {[%emt 00:01:04]} 26. Nd5 {[%clk
01:31:11]} {[%emt 00:00:21]} Be6 {[%clk 01:17:33]} {[%emt 00:02:13]} 27. Nxf6
{[%clk 01:31:23]} {[%emt 00:00:18]} Bxa2 {[%clk 01:17:44]} {[%emt 00:00:18]}
28. b3 {[%clk 01:31:39]} {[%emt 00:00:14]} Bb1 {[%clk 01:17:57]} {[%emt
00:00:16]} 29. Ng4 {[%clk 01:31:28]} {[%emt 00:00:43]} f6 {[%clk 01:17:36]}
{[%emt 00:00:51]} 30. Bb2 {[%clk 01:31:33]} {[%emt 00:00:25]} Bxc2 {[%clk
01:17:50]} {[%emt 00:00:15]} 31. b4 {[%clk 01:31:30]} {[%emt 00:00:34]} Kg6
{[%clk 01:17:22]} {[%emt 00:00:57]} 32. Nxf6 {[%clk 01:31:41]} {[%emt
00:00:20]} b5 {[%clk 01:16:49]} {[%emt 00:01:01]} 33. g3 {[%clk 01:30:51]}
{[%emt 00:01:22]} Bf5 {[%clk 01:16:17]} {[%emt 00:01:01]} 34. Kg2 {[%clk
01:30:10]} {[%emt 00:01:10]} h5 {[%clk 01:15:50]} {[%emt 00:00:59]} 35. g4
{[%clk 01:29:30]} {[%emt 00:01:10]} hxg4 {[%clk 01:15:37]} {[%emt 00:00:42]}
36. Nxg4 {[%clk 01:29:51]} {[%emt 00:00:09]} a6 {[%clk 01:14:57]} {[%emt
00:01:09]} 37. Kg3 {[%clk 01:29:55]} {[%emt 00:00:27]} Be4 {[%clk 01:14:58]}
{[%emt 00:00:29]} 38. Ne5 {[%clk 01:26:28]} {[%emt 00:03:58]} Kh5 {[%clk
01:13:24]} {[%emt 00:02:04]} 39. Nd7 {[%clk 01:26:01]} {[%emt 00:00:57]} Bf5
{[%clk 01:13:19]} {[%emt 00:00:35]} 40. Nc5 {[%clk 01:25:50]} {[%emt 00:00:40]}
Bc8 {[%clk 01:12:51]} {[%emt 00:00:58]} 41. Bc1 {[%clk 01:25:35]} {[%emt
00:00:46]} Kg6 {[%clk 01:12:41]} {[%emt 00:00:39]} 42. Ne4 {[%clk 01:25:40]}
{[%emt 00:00:25]} Kf5 {[%clk 01:10:18]} {[%emt 00:02:53]} 43. Nxg5 {[%clk
01:25:58]} {[%emt 00:00:13]} Ke5 {[%clk 01:10:36]} {[%emt 00:00:12]} 44. Be3
{[%clk 01:26:16]} {[%emt 00:00:11]} 1-0

[Event "DVM U14 2022"]
[Site "Kelheim GER"]
[Date "2022.12.28"]
[Round "4"]
[White "Schneble, Milan"]
[Black "Haug, Mara"]
[Result "0-1"]
[Termination "normal"]
[Board "10.1"]
[WhiteElo "1521"]
[BlackElo "1629"]
[WhiteClock "00:28:06"]
[BlackClock "00:31:25"]
[WhiteTeam "SF Birkenfeld"]
[BlackTeam "Karlsruher SF 1853"]
[PlyCount "85"]
[WhiteFideId "16266102"]
[BlackFideId "16259300"]
[EventCountry "GER"]
[EventRounds "7"]
[EventType "team-swiss"]
[EventDate "2022.12.26"]

1. d4 {[%clk 01:30:58]} {[%emt 00:00:01]} Nf6 {[%clk 01:30:52]} {[%emt
00:00:09]} 2. Nf3 {[%clk 01:31:20]} {[%emt 00:00:08]} c5 {[%clk 01:31:18]}
{[%emt 00:00:04]} 3. e3 {[%clk 01:31:33]} {[%emt 00:00:17]} g6 {[%clk
01:31:21]} {[%emt 00:00:27]} 4. c4 {[%clk 01:31:49]} {[%emt 00:00:15]} Bg7
{[%clk 01:31:02]} {[%emt 00:00:48]} 5. Nc3 {[%clk 01:30:04]} {[%emt 00:02:14]}
O-O {[%clk 01:30:05]} {[%emt 00:01:28]} 6. Be2 {[%clk 01:28:31]} {[%emt
00:02:03]} d6 {[%clk 01:28:55]} {[%emt 00:01:39]} 7. O-O {[%clk 01:28:36]}
{[%emt 00:00:25]} b6 {[%clk 01:26:42]} {[%emt 00:02:43]} 8. b3 {[%clk
01:25:52]} {[%emt 00:03:15]} Bb7 {[%clk 01:25:39]} {[%emt 00:01:33]} 9. Bb2
{[%clk 01:25:30]} {[%emt 00:00:52]} e6 {[%clk 01:21:24]} {[%emt 00:04:44]} 10.
Qc2 {[%clk 01:14:19]} {[%emt 00:11:41]} Nc6 {[%clk 01:17:12]} {[%emt 00:04:42]}
11. Rfd1 {[%clk 01:12:24]} {[%emt 00:02:26]} Qe7 {[%clk 01:05:54]} {[%emt
00:11:47]} 12. a3 {[%clk 01:08:19]} {[%emt 00:04:36]} cxd4 {[%clk 00:56:50]}
{[%emt 00:09:34]} 13. exd4 {[%clk 01:08:09]} {[%emt 00:00:39]} d5 {[%clk
00:51:05]} {[%emt 00:06:15]} 14. cxd5 {[%clk 00:41:09]} {[%emt 00:27:31]} Nxd5
{[%clk 00:50:56]} {[%emt 00:00:38]} 15. Nxd5 {[%clk 00:39:43]} {[%emt
00:01:57]} exd5 {[%clk 00:51:22]} {[%emt 00:00:04]} 16. Re1 {[%clk 00:38:34]}
{[%emt 00:01:39]} Qd6 {[%clk 00:45:54]} {[%emt 00:05:57]} 17. Qd2 {[%clk
00:31:56]} {[%emt 00:07:08]} Rfe8 {[%clk 00:43:31]} {[%emt 00:02:53]} 18. Bb5
{[%clk 00:27:48]} {[%emt 00:04:39]} a6 {[%clk 00:40:17]} {[%emt 00:03:43]} 19.
Bd3 {[%clk 00:24:10]} {[%emt 00:04:09]} Rac8 {[%clk 00:35:23]} {[%emt
00:05:23]} 20. Rxe8 {[%clk 00:15:05]} {[%emt 00:09:35]} Rxe8 {[%clk 00:35:49]}
{[%emt 00:00:04]} 21. Re1 {[%clk 00:15:28]} {[%emt 00:00:08]} Re7 {[%clk
00:28:34]} {[%emt 00:07:45]} 22. Rxe7 {[%clk 00:11:46]} {[%emt 00:04:11]} Qxe7
{[%clk 00:28:27]} {[%emt 00:00:35]} 23. Qe2 {[%clk 00:11:38]} {[%emt 00:00:41]}
Qxe2 {[%clk 00:27:45]} {[%emt 00:01:11]} 24. Bxe2 {[%clk 00:12:04]} {[%emt
00:00:04]} Kf8 {[%clk 00:26:04]} {[%emt 00:02:11]} 25. Kf1 {[%clk 00:12:21]}
{[%emt 00:00:14]} Ke7 {[%clk 00:24:20]} {[%emt 00:02:12]} 26. Ke1 {[%clk
00:12:46]} {[%emt 00:00:06]} Na5 {[%clk 00:21:07]} {[%emt 00:03:43]} 27. Bd1
{[%clk 00:12:34]} {[%emt 00:00:43]} Bc8 {[%clk 00:19:28]} {[%emt 00:02:08]} 28.
Bc3 {[%clk 00:12:10]} {[%emt 00:00:55]} Nc6 {[%clk 00:19:27]} {[%emt 00:00:30]}
29. h3 {[%clk 00:11:27]} {[%emt 00:01:14]} Bf5 {[%clk 00:16:30]} {[%emt
00:03:26]} 30. Ke2 {[%clk 00:03:45]} {[%emt 00:08:12]} Be4 {[%clk 00:12:53]}
{[%emt 00:04:06]} 31. Ke3 {[%clk 00:03:30]} {[%emt 00:00:46]} Bh6 {[%clk
00:12:35]} {[%emt 00:00:47]} 32. Ke2 {[%clk 00:03:52]} {[%emt 00:00:08]} Kd7
{[%clk 00:09:20]} {[%emt 00:03:45]} 33. Bd2 {[%clk 00:01:25]} {[%emt 00:02:58]}
Bxf3 {[%clk 00:08:01]} {[%emt 00:01:48]} 34. gxf3 {[%clk 00:01:40]} {[%emt
00:00:16]} Bxd2 {[%clk 00:07:50]} {[%emt 00:00:40]} 35. Kxd2 {[%clk 00:02:05]}
{[%emt 00:00:05]} Nxd4 {[%clk 00:08:11]} {[%emt 00:00:09]} 36. Kc3 {[%clk
00:01:59]} {[%emt 00:00:36]} Ne6 {[%clk 00:07:35]} {[%emt 00:01:06]} 37. Be2
{[%clk 00:01:51]} {[%emt 00:00:38]} b5 {[%clk 00:04:30]} {[%emt 00:03:35]} 38.
Kb4 {[%clk 00:01:19]} {[%emt 00:01:02]} Kc6 {[%emt 00:01:13]} 39. a4 {[%clk
00:00:38]} {[%emt 00:01:11]} Nd4 {[%clk 00:02:12]} {[%emt 00:02:04]} 40. Bd1
{[%clk 00:00:36]} {[%emt 00:00:34]} Kb6 {[%clk 00:02:07]} {[%emt 00:00:34]} 41.
a5 {[%clk 00:00:31]} {[%emt 00:00:35]} Kc6 {[%clk 00:02:04]} {[%emt 00:00:32]}
42. Kc3 {[%clk 00:28:45]} {[%emt 00:02:18]} Ne6 {[%clk 00:31:25]} {[%emt
00:01:07]} 43. Kd3 {[%clk 00:28:06]} {[%emt 00:01:33]} 0-1